000 02839cam a22004694i 4500
003 PE-LiUPU
005 20250731173411.0
008 150706s2010 sp r 000 0 spa d
020 _a9788482675503
035 _a(Sirsi) i9788482675503
040 _aPE-LiUPU
_bspa
_cPE-LiUPU
_erda
049 _aPRUA
082 0 4 _a230
_bH64
_221
100 1 _aHodge, Charles,
_eautor.
245 1 0 _aTeología sistemática :
_bteología reformada clásica /
_cCharles Hodge.
264 1 _aBarcelona :
_bEditorial Clie,
_c2010.
300 _a956 páginas ;
_c25 centímetros
336 _atext
_2rdacontent
337 _aunmediated
_2rdamedia
338 _avolume
_2rdacarrier
505 0 _aSobre el método -- Teología -- El racionalismo -- Misticismo -- La doctrina catolicorromana acerca de la regla de la fe -- La regla protestante de la fe -- Teología Propia: El origen de la idea de Dios -- Teísmo -- Teorías anti-teístas -- El conocimiento de Dios -- La naturaleza y los atributos de Dios -- La trinidad -- La deidad de Cristo -- El Espíritu Santo -- Los decretos de Dios -- La creación -- Providencia -- Milagros -- Los Ángeles -- Antropología: El origen del hombre -- La naturaleza del hombre -- El origen del alma -- Unidad de la raza humana -- El estado original del hombre -- El pacto de obras -- La caída -- El pecado -- Libre albedrío -- Soterología: El plan de salvación -- El pacto de la gracia -- La persona de Cristo -- La obra mediadora de Cristo -- El oficio profético -- El oficio sacerdotal -- La satisfacción de Cristo -- ¿Por quiénes murió Cristo? -- Teorías de la expiación -- La intercesión de Cristo -- El oficio regio de Cristo -- La humillación de Cristo -- La exaltación de Cristo -- La vocación -- Regeneración -- La fe -- Justificación -- Santificación -- La ley -- Los medios de la gracia -- Escatología: Estado del alma después de la muerte -- La resurrección -- La segunda venida -- Los eventos concomitantes de la segunda venida.
526 _aSEG42
526 _aSEG41
526 _aSEG40
526 _aSEG39
526 _aP94
526 _aP87
526 _aP86
526 _aP85
526 _aP77
526 _aP76
526 _aP35
541 _g001-0033881;
650 0 4 _aTeología dogmática.
_95003
700 1 _aEscuain, Santiago,
_eautor.
910 _agl
_cjck
_d20111115
942 _2ddc
_cBOOK
949 _a230 H64
_wDEWEY
_c1
_i63966
_lCCODEBUL1
_mBUL
_p44.00
_r0
_sY
_tBOOK
_u2015-7-6
_xTEOLOGIA
_PP35
_o.STAFF. Colección General
994 _aC0
_bPEPRU
596 _a1
999 _a230 H64
_wDEWEY
_c52814
_i63966
_d52814
_e2018-10-2
_f2021-11-9
_g6
_lCCODEBUL1
_mBUL
_n7
_p44.00
_q8
_r0
_sY
_tBOOK
_u2015-7-6
_xTEOLOGIA
_PP35
_0COMPRA
_o.STAFF. Colección Teología
980 _81
_gALBERTO SANCHEZ Responsable de Automatización